DC Comics Television Shows (Pics) Quiz Stats

 Plays Quiz not verified by Sporcle

Challenge
Share
Tweet
Score 0/20 Timer 04:00
0 Plays Today
Show % Correct
Batman
98.1%
The Flash
93.3%
Justice League
92.6%
Arrow
90.7%
Teen Titans
89.4%
Wonder Woman
87%
Smallville
84%
Batman Beyond
79.6%
Young Justice
79.3%
Justice League Unlimited
69.1%
Show % Correct
Super Friends
67%
Batman: The Brave and the Bold
66.3%
Batman: The Animated Series
65.9%
Static Shock
60.7%
Birds of Prey
60.5%
Superman: The Animated Series
58.6%
The Kid Super Power Hour with Shazam!
56.5%
Lois & Clark: The New Adventures of Superman
56.1%
Green Lantern: The Animated Series
43.1%
Legion of Super Heroes
32.1%

You're not logged in!

Compare scores with friends on all Sporcle quizzes.
OR
Log In

You Might Also Like...

Show Comments

Extras

Top Quizzes Today


Score Distribution

Your Account Isn't Verified!

In order to create a playlist on Sporcle, you need to verify the email address you used during registration. Go to your Sporcle Settings to finish the process.

Report this User

Report this user for behavior that violates our Community Guidelines.

Details: